=LDR 00000nam 2200000 4500 =001 INLIS000000000014736 =005 20130612110020 =008 ***********************************Ind** =035 ##$$0010-061300000014736 =041 ##$$a Ind =082 ##$$a 500 =090 ##$$a 500, Ilm/ lll =245 ##$$a Ilmu pengetahuan populer jilid 3, Ilmu pengetahuan bumi energi =260 ##$$a 2004 $b Jakarta =300 ##$$a 305 hlm, Il, 30 cm =650 ##$$a Sains Populer =850 ##$$a NBPNMAT